| 000 | 02231nam a2200229Ia 4500 | ||
|---|---|---|---|
| 003 | Ost | ||
| 005 | 20260416102401.0 | ||
| 008 | 260416s9999||||xx |||||||||||||| ||und|| | ||
| 040 | _cfsecg | ||
| 041 | _aara | ||
| 082 | _a301.11 | ||
| 100 |
_aإيزيتي، خديجة _eمؤلف |
||
| 245 | 0 |
_aمحاضرات في مقياس المسؤولية الاجتماعية لمنظمات الأعمال : _bمطبوعة موجهة لطلبة السسنة الأولى ماستر تخصص ادارة الاعمال قسم علوم التسيير / _c خديجة إيزيتي |
|
| 260 |
_aالجزائر _bجامعة الجزائر3: كلية العلوم الإقتصادية، العلوم التجارية وعلوم التسيير _c2023 |
||
| 300 |
_a122 ورقة _bايضاحات _c12 سم |
||
| 504 | _aمراجع ص.108 | ||
| 520 | _aالاطار المفاهيمي لبيئة الاعمال،الاطار المفاهيمي لمنظمات الاعمال،لمحة تاريخية حول نشأة وتطور المسؤولية الاجتماعية،لمحة تاريخية حول نشأة وتطور المسؤولية الاجتماعية،مواصفات ISO26000 للمسؤولية الاجتماعية،المسؤولية الاجتماعية ووظيفة الإنتاج والتسويق،المسؤولية الاجتماعية ووظيفة إدارة الموارد البشرية والمالية،المسؤولية البيئية لمنظمات الاعمال،المسؤولية الأخلاقية لمنظمات الاعمال،الاطار المفاهيمي لمحاسبة المسؤولية الاجتماعية،اتجاهات ومداخل محاسبة المسؤولية الاجتماعية،الإطار المفاهيمي لقياس الأداء الاجتماعي لمنظمات الاعمال،الإطار المفاهيمي للإفصاح عن الأداء الاجتماعي المفاهيمي لمنظمات الاعمال. | ||
| 653 | _aالمسؤولية الاجتماعية | ||
| 653 | _aمنظمات الأعمال | ||
| 710 |
_aجامعة الجزائر3: كلية العلوم الإقتصادية، العلوم التجارية وعلوم التسيير _eناشر علمي |
||
| 942 | _cHANDOUT | ||
| 999 |
_c41428 _d41428 |
||